000 00454nam a2200145Ia 4500
008 231217s9999 xx 000 0 und d
041 _aEnglish
082 _a581.876 HEN;1 R
100 _aHenry, T Nguyen ed Blum, Abraham ed
245 0 _aPhysiology and biotechnology integration for plant breeding
260 _c2004
_bMarcel Dekker
_aNew York
300 _axiii+628
650 _aPhysiology,biotechnology,integration,plant,breeding
942 _cAA
999 _c174361
_d174361